Statistics for All Songs - City Morgue

Click here to take the quiz!

General Stats

  • This quiz has been taken 49 times
    (21 since last reset)
  • The average score is 70 of 153

Answer Stats

HintAnswer% Correct
CITY MORGUE VOL 1: HELL OR HIGH WATER33rd Blakk Glass
91%
CITY MORGUE VOL 2: AS GOOD AS DEADDRAINO (feat. Denzel Curry)
91%
CITY MORGUE VOL 1: HELL OR HIGH WATERArson
82%
CITY MORGUE VOL 1: HELL OR HIGH WATERCaligula
82%
DOG BOY (ZillaKami Solo)CHAINS
82%
DOG BOY (ZillaKami Solo)Chewing Gum!
82%
DOG BOY (ZillaKami Solo)dedgrl
82%
TOXIC BOOGALOOHURTWORLD '99
82%
My Bloody AmericaPros
82%
CITY MORGUE VOL 1: HELL OR HIGH WATERSHINNERS13
82%
CITY MORGUE VOL 1: HELL OR HIGH WATERSk8 Head
82%
DOG BOY (ZillaKami Solo)Space Cowboy
82%
TOXIC BOOGALOOTHE ELECTRIC EXPERIENCE
82%
CITY MORGUE VOL 2: AS GOOD AS DEADTHE GIVE UP
82%
TOXIC BOOGALOOYAKUZA
82%
CITY MORGUE VOL 2: AS GOOD AS DEAD (DELUXE)ACAB (feat. Nascar Aloe)
73%
TOXIC BOOGALOOALL KILLER NO FILLER
73%
CITY MORGUE VOL 1: HELL OR HIGH WATERAw Shit - ZillaKami Solo
73%
DOG BOY (ZillaKami Solo)Black Cats
73%
DOG BOY (ZillaKami Solo)Bleach (feat. Denzel Curry)
73%
TOXIC BOOGALOOBUAKAW
73%
TOXIC BOOGALOOCRANK
73%
CITY MORGUE VOL 2: AS GOOD AS DEAD (DELUXE)CYKA
73%
CITY MORGUE VOL 3: BOTTOM OF THE BARRELEVERYTHING IS BROKEN
73%
DOG BOY (ZillaKami Solo)FROSTY
73%
CITY MORGUE VOL 1: HELL OR HIGH WATERGravehop187 (feat. Sickboyrari)
73%
DOG BOY (ZillaKami Solo)Hello
73%
CITY MORGUE VOL 2: AS GOOD AS DEADINFERIOR
73%
CITY MORGUE VOL 1: HELL OR HIGH WATERLamborghini Getaway
73%
DOG BOY (ZillaKami Solo)Lemon Juice
73%
CITY MORGUE VOL 2: AS GOOD AS DEADNECK BRACE
73%
DOG BOY (ZillaKami Solo)Not Worth It
73%
TOXIC BOOGALOOPROSTHETIC LEGS
73%
My Bloody AmericaSauna
73%
CITY MORGUE VOL 2: AS GOOD AS DEADSCREAMING AT THE RAIN
73%
CITY MORGUE VOL 1: HELL OR HIGH WATERSo What
73%
DOG BOY (ZillaKami Solo)Tactical Nuke Interlude
73%
TOXIC BOOGALOOYELLOW PISS
73%
TOXIC BOOGALOOYOU CAN SMD
73%
DOG BOY (ZillaKami Solo)631 MAKES ME
64%
DOG BOY (ZillaKami Solo)BADASS (feat. Lil Uzi Vert)
64%
13 SONGS 2 DIE 2 (SosMula Solo)BOOGALOO (feat. ZillaKami)
64%
My Bloody AmericaBoy in the Box
64%
CITY MORGUE VOL 3: BOTTOM OF THE BARRELCABIN IN THE WOODS (feat. Jasiah)
64%
CITY MORGUE VOL 2: AS GOOD AS DEADDIRTNAP
64%
CITY MORGUE VOL 1: HELL OR HIGH WATERDowner
64%
CITY MORGUE VOL 3: BOTTOM OF THE BARRELHOT SHELLS
64%
DOG BOY (ZillaKami Solo)IHY
64%
CITY MORGUE VOL 2: AS GOOD AS DEADMINIMIZYA (feat. IDK)
64%
CITY MORGUE VOL 3: BOTTOM OF THE BARRELMOTHER LOVER
64%
DOG BOY (ZillaKami Solo)Nissan Only
64%
Be Patient EPNitro Cell
64%
CITY MORGUE VOL 1: HELL OR HIGH WATERNuka Cola
64%
CITY MORGUE VOL 2: AS GOOD AS DEADPEELING SCABS
64%
My Bloody AmericaSkull & Bones 322
64%
CITY MORGUE VOL 1: HELL OR HIGH WATERSnow On Tha Bluff
64%
CITY MORGUE VOL 2: AS GOOD AS DEADTHE BALLOONS
64%
CITY MORGUE VOL 2: AS GOOD AS DEAD (DELUXE)THE FALL BEFORE THE GIVE UP (feat. Clever)
64%
$MOKE UNDER THE WATER (with Keith Ape)What?!
64%
CITY MORGUE VOL 3: BOTTOM OF THE BARRELWHAT'S MY NAME
64%
CITY MORGUE VOL 2: AS GOOD AS DEADWOAH
64%
CITY MORGUE VOL 2: AS GOOD AS DEAD16 TOES
55%
CITY MORGUE VOL 3: BOTTOM OF THE BARRELCONSCIENCE
55%
CITY MORGUE VOL 3: BOTTOM OF THE BARRELDEATH CULT INTRO
55%
Be Patient EPDrag Me To Hell
55%
My Bloody AmericaFUNNY
55%
My Bloody AmericaHell (Prelude)
55%
CITY MORGUE VOL 1: HELL OR HIGH WATERKenPark - SosMula Solo (feat. Sickboyrari)
55%
My Bloody AmericaLocksmith
55%
CITY MORGUE VOL 2: AS GOOD AS DEADMOUTHGUARD
55%
CITY MORGUE VOL 1: HELL OR HIGH WATERPTSD
55%
CITY MORGUE VOL 2: AS GOOD AS DEADSOUL BURN
55%
CITY MORGUE VOL 2: AS GOOD AS DEADSPLINTER
55%
TOXIC BOOGALOOSUPER SOAKA
55%
CITY MORGUE VOL 2: AS GOOD AS DEADTHRESH
55%
Be Patient EPTrainSpotting
55%
My Bloody AmericaVacant
55%
My Bloody AmericaWicked
55%
CITY MORGUE VOL 3: BOTTOM OF THE BARRELXMAS BALLA
55%
$MOKE UNDER THE WATER (with Keith Ape)All Alright
45%
CITY MORGUE VOL 2: AS GOOD AS DEADBABYWIPES
45%
CITY MORGUE VOL 2: AS GOOD AS DEADC4
45%
$MOKE UNDER THE WATER (with Keith Ape)Face Pucker
45%
CITY MORGUE VOL 3: BOTTOM OF THE BARRELFLAP LIPS
45%
My Bloody AmericaHAHA WACO
45%
CITY MORGUE VOL 3: BOTTOM OF THE BARRELMUTT B
45%
CITY MORGUE VOL 3: BOTTOM OF THE BARRELOUTER SPACE
45%
My Bloody AmericaRussian
45%
My Bloody AmericaStupid Games
45%
CITY MORGUE VOL 2: AS GOOD AS DEAD (DELUXE)V12
45%
My Bloody AmericaWelcome to the HATMAN
45%
My Bloody AmericaCounting Casualties (Interlude)
36%
2 HIGH 2 DIE (SosMula Solo)GIMME DAT
36%
CITY MORGUE VOL 3: BOTTOM OF THE BARRELMAKE IT DISSAPEAR
36%
CITY MORGUE VOL 3: BOTTOM OF THE BARRELOHDEE
36%
13 SONGS 2 DIE 2 (SosMula Solo)STAIN (feat. Nascar Aloe)
36%
My Bloody AmericaTide (Epilogue)
36%
13 SONGS 2 DIE 2 (SosMula Solo)VINNY ROTTEN (feat. Kim Dracula)
36%
CrashOutBoyz (SosMula Solo, with Ryder Johnson)Baki Hanma
27%
CrashOutBoyz (SosMula Solo, with Ryder Johnson)Crashout
27%
13 SONGS 2 DIE 2 (SosMula Solo)DOCTA (feat. Fat Nick)
27%
13 SONGS 2 DIE 2 (SosMula Solo)GUN SPORT
27%
13 SONGS 2 DIE 2 (SosMula Solo)LIL PSYCHOS (feat. Xanman)
27%
2 HIGH 2 DIE (SosMula Solo)MAKK BALLA
27%
2 HIGH 2 DIE (SosMula Solo)MIX N MATCH
27%
13 SONGS 2 DIE 2 (SosMula Solo)NO HEART
27%
2 HIGH 2 DIE (SosMula Solo)PARTY ON MY BLOCK
27%
2 HIGH 2 DIE (SosMula Solo)PULL UP
27%
13 SONGS 2 DIE 2 (SosMula Solo)QUEEF
27%
2 HIGH 2 DIE (SosMula Solo)RICH BOI
27%
2 HIGH 2 DIE (DELUXE) (SosMula Solo)ROBOCOP
27%
2 HIGH 2 DIE (DELUXE) (SosMula Solo)SATAN'S SPACESHIP (feat. Ricky Hil)
27%
2 HIGH 2 DIE (SosMula Solo)SNAP
27%
2 HIGH 2 DIE (SosMula Solo)YAKUZA 2000
27%
SLEEZ MACHINE (SosMula Solo, with Synthetic)BAGUETTE SAUCE
18%
13 SONGS 2 DIE 2 (SosMula Solo)CAN'T FEEL MY FACE (feat. Jasiah)
18%
13 SONGS 2 DIE 2 (SosMula Solo)DEATH WISH
18%
13 SONGS 2 DIE 2 (SosMula Solo)FAVELA (feat. Jovem Dex)
18%
2 HIGH 2 DIE (DELUXE) (SosMula Solo)MACHINE
18%
SLEEZ MACHINE (SosMula Solo, with Synthetic)MOLLY BRAINS (feat. Scarlxrd)
18%
2 HIGH 2 DIE (SosMula Solo)MOLLY WATER
18%
CrashOutBoyz (SosMula Solo, with Ryder Johnson)Opps Outside
18%
2 HIGH 2 DIE (DELUXE) (SosMula Solo)POPEYE
18%
2 HIGH 2 DIE (DELUXE) (SosMula Solo)SPIDER LEGS
18%
13 SONGS 2 DIE 2 (SosMula Solo)WHIP PARKED (feat. Bizzy Banks)
18%
BODY BAG MUSIK (SosMula Solo, with OTL Beezy)ANYBODY
9%
SLEEZ MACHINE (SosMula Solo, with Synthetic)BECKY (feat. Sickboyrari)
9%
2 HIGH 2 DIE (SosMula Solo)BIG GUCCI
9%
2 HIGH 2 DIE (SosMula Solo)BIG NARCO
9%
2 HIGH 2 DIE (SosMula Solo)BITE DOWN
9%
2 HIGH 2 DIE (SosMula Solo)BODY PARTS
9%
BODY BAG MUSIK (SosMula Solo, with OTL Beezy)BRAZY BRAZY
9%
CrashOutBoyz (SosMula Solo, with Ryder Johnson)Choppa Style
9%
2 HIGH 2 DIE (SosMula Solo)CUTTIN SHIT
9%
BODY BAG MUSIK (SosMula Solo, with OTL Beezy)DOUBLEBACK
9%
2 HIGH 2 DIE (SosMula Solo)GET OUT
9%
2 HIGH 2 DIE (SosMula Solo)HEAD TAP
9%
2 HIGH 2 DIE (DELUXE) (SosMula Solo)HEART ATTACKS
9%
2 HIGH 2 DIE (SosMula Solo)PRESS A BUTTON (feat. Lil Tracy)
9%
2 HIGH 2 DIE (SosMula Solo)SIERRA LEONE
9%
2 HIGH 2 DIE (SosMula Solo)S.T.I.C.K
9%
2 HIGH 2 DIE (SosMula Solo)WE SO UP!
9%
13 SONGS 2 DIE 2 (SosMula Solo)WHERE MY STICK
9%
CrashOutBoyz (SosMula Solo, with Ryder Johnson)Yung Abu Dhabi
9%
SLEEZ MACHINE (SosMula Solo, with Synthetic)BARE RUTH
0%
SLEEZ MACHINE (SosMula Solo, with Synthetic)BLACK HAWKS
0%
BODY BAG MUSIK (SosMula Solo, with OTL Beezy)FOUR HORSEMAN
0%
SLEEZ MACHINE (SosMula Solo, with Synthetic)HOOLA HOP (feat. Ramirez)
0%
BODY BAG MUSIK (SosMula Solo, with OTL Beezy)NEW AXYL
0%
SLEEZ MACHINE (SosMula Solo, with Synthetic)POPPIN MOLLY
0%
SLEEZ MACHINE (SosMula Solo, with Synthetic)RELAPSE
0%
SLEEZ MACHINE (SosMula Solo, with Synthetic)SHARK WATER
0%
SLEEZ MACHINE (SosMula Solo, with Synthetic)STICKS ON STICKS
0%

Score Distribution

Percentile by Number Answered

Percent of People with Each Score

Your Score History

You have not taken this quiz since the last reset